000 00436nam a22001337a 4500
020 _a9781462525935
082 _a158
100 _aKirk Warren Brown
245 _aHandbook of mindfulness theory,research and practice
260 _aNew York
_bThe guilford press
_c2015
300 _a466p
942 _cBK
999 _c3444
_d3444